Experiencing Islam (Record no. 12823)

MARC details
000 -LEADER
fixed length control field 00592nam a2200241 a 4500
020 ## - INTERNATIONAL STANDARD BOOK NUMBER
ISBN 8120728
082 00 - DEWEY DECIMAL CLASSIFICATION NUMBER
Classification number 297
Author Cutter KHA3
100 ## - MAIN ENTRY--AUTHOR NAME
Author name Khan, Mohammad Ishaq
245 ## - TITLE STATEMENT
Title Experiencing Islam
260 ## - PUBLICATION, DISTRIBUTION, ETC. (IMPRINT)
Place of publication Delhi
Name of publisher Sterling Publishers
Year of publication 1997
300 ## - PHYSICAL DESCRIPTION
Number of Pages 182p
500 ## - GENERAL NOTE
General note includes index and biblioraphy
505 2# - FORMATTED CONTENTS NOTE
Formatted contents note Index
650 ## - SUBJECT ADDED ENTRY--TOPICAL TERM
Topical Term Islam-Meccan Trade
942 ## - ADDED ENTRY ELEMENTS (KOHA)
Koha item type Books
700 1# -
-- Khan, Mohammad Ishaq
Holdings
Collection code Home library Current library Date acquired Cost, normal purchase price Full call number Accession Number Koha item type
  Henry Martyn Institute Library Henry Martyn Institute Library 01/22/2009 300.00 297 KHA3 018769 Books
                   Copyright © 2026 | Henry Martyn Institute | Hyderabad | TS-500052 | INDIA | Implemented by hmi.edu.in
Hit-Count:

Powered by Koha